ՀՀ Գիտությունների ազգային ակադեմիայի հիմնարար գիտական գրադարան  =   Fundamental Scientific Library of NAS RA

Строительство городских зеленых насаждений и уход за ними / (Record no. 481562)

MARC details
000 -LEADER
fixed length control field 00858nam a2200205 a 4500
001 - CONTROL NUMBER
control field 000908623
003 - CONTROL NUMBER IDENTIFIER
control field AM-YeHGA
005 - DATE AND TIME OF LATEST TRANSACTION
control field 20250617162013.0
008 - FIXED-LENGTH DATA ELEMENTS--GENERAL INFORMATION
fixed length control field 120731s1946 ru r 000 0 rus d
040 ## - CATALOGING SOURCE
Original cataloging agency AM-YeHGA
041 0# - LANGUAGE CODE
Language code of text/sound track or separate title rus
090 ## - LOCALLY ASSIGNED LC-TYPE CALL NUMBER (OCLC); LOCAL CALL NUMBER (RLIN)
-- 484911
100 1# - MAIN ENTRY--PERSONAL NAME
Personal name Виноградов, К.А.
245 10 - TITLE STATEMENT
Title Строительство городских зеленых насаждений и уход за ними /
Statement of responsibility, etc. К.А. Виноградов; Под. ред. Н.К. Вехова; Всероссийское о-во охраны природы.
260 ## - PUBLICATION, DISTRIBUTION, ETC.
Place of publication, distribution, etc. Москва :
Name of publisher, distributor, etc. Б. и.,
Date of publication, distribution, etc. 1946.
300 ## - PHYSICAL DESCRIPTION
Extent 40 с. :
Other physical details рис., табл. ;
Dimensions 21 см.
650 14 - SUBJECT ADDED ENTRY--TOPICAL TERM
Topical term or geographic name entry element Декоративное садоводство
700 1# - ADDED ENTRY--PERSONAL NAME
Personal name Вехов, Н.К.
Relator term ред.
Relationship edt
710 2# - ADDED ENTRY--CORPORATE NAME
Corporate name or jurisdiction name as entry element Всероссийское общество охраны природы
Holdings
Withdrawn status Lost status Source of classification or shelving scheme Damaged status Not for loan Collection Home library Current library Date acquired Total checkouts Full call number Barcode Date last seen Price effective from Koha item type Public note
    Universal Decimal Classification     General Fundamental Scientific Library Fundamental Scientific Library 06/12/2018   РД II/27032 FL0533016 06/12/2018 06/12/2018 Գրքեր / Books 30 Days Loan


ՀՀ ԳԱԱ հիմնարար գիտական գրադարան
ՀՀ,Երևան 0019
Մարշալ Բաղրամյան 24/6
հեռախոս:(374-10) 52-47-50
Հետադարձ կապ

All site content, except where otherwise noted, is licensed under a
Creative Commons License